LDR 00946naa#a2200193#i#450# 001 EN\\bibl\122473 005 20260501081254.5 011 ## _a2304-0130 100 ## _a20260410b2026####ek#y0engy0150####ca 102 ## _aRU 200 1# _aFEDERAL STATE FIRE SUPERVISION – THE JUNCTION OF LAW AND PROFESSIONAL DUTIES AND PUBLIC EXPECTATIONS _eJournal article 210 1# _aSaint-Petersburg _cSaint-Petersburg University of State Fire Service of Emercom of Russia _d2026 215 ## _a8 с. 608 ## _aJournal article _2local 675 ## _aПредупреждение пожаров путем надзора, например, органами пожарного надзора, пожарными командами, страховыми учреждениями или внутренней охраной. 614.841.315 _z 700 #1 _aAndreeva _gElena 700 #1 _aGaidukevich _gAlexander Evgenievich 700 #1 _aKrylov _gYuri Nikolaevich 856 4# _ajournals.igps.ru _u